[Event "Bhubaneswar Odisha op"]
[Site "Bhubaneswar"]
[Date "2024.12.18"]
[Round "5"]
[White "Tologontegin, Semetey"]
[Black "Gawai, Siddhant"]
[Result "1-0"]
[WhiteElo "2358"]
[BlackElo "2078"]
[PlyCount "57"]
[EventDate "2024.12.15"]
[EventType "swiss"]
[EventRounds "10"]
[EventCountry "IND"]
[SourceTitle "CB52_2024"]
[SourceDate "2024.12.25"]
[SourceVersion "1"]
[SourceVersionDate "2024.12.25"]
[SourceQuality "1"]

1. Nf3 Nf6 2. g3 b5 3. Bg2 Bb7 4. Na3 a6 5. c4 e5 6. Qb3 Bxa3 7. bxa3 0-0 8. 0-0 d6 9. a4 Nbd7 10. axb5 axb5 11. Qxb5 Ba6 12. Qb3 e4 13. Nd4 Ne5 14. d3 d5 15. Nb5 c6 16. Na3 Qa5 17. Bb2 Nfd7 18. Rfd1 Rfb8 19. Qc3 Qxc3 20. Bxc3 f5 21. Nc2 c5 22. f4 exf3 23. exf3 f4 24. gxf4 Ng6 25. f5 Nf4 26. Bf1 d4 27. Bd2 Nh5 28. Rdb1 Bb7 29. Ne1 1-0

[Event "Indore op 1st"]
[Site "Indore"]
[Date "2023.04.03"]
[Round "4"]
[White "Gawai, Siddhant"]
[Black "Orozbaev, Eldiar"]
[Result "1/2-1/2"]
[WhiteElo "1791"]
[BlackElo "2313"]
[PlyCount "90"]
[EventDate "2023.04.01"]
[EventType "swiss"]
[EventRounds "10"]
[EventCountry "IND"]
[SourceTitle "CBM 213 Extra"]
[Source "ChessBase"]
[SourceDate "2023.05.31"]
[SourceVersion "1"]
[SourceVersionDate "2023.05.31"]
[SourceQuality "1"]

1. e4 e6 2. d4 d5 3. Nd2 Nc6 4. Ngf3 Nf6 5. e5 Nd7 6. c3 a5 7. Bd3 f6 8. exf6 Qxf6 9. 0-0 Bd6 10. Re1 0-0 11. Nf1 e5 12. Ne3 Nb6 13. Nxd5 Nxd5 14. Bc4 Bg4 15. Bxd5+ Kh8 16. Qd3 h6 17. Qe4 Bf5 18. Qh4 Qxh4 19. Nxh4 exd4 20. Bxc6 bxc6 21. cxd4 Rab8 22. Nf3 Bb4 23. Re3 Rfd8 24. b3 Bh7 25. Bb2 Bg8 26. Ne5 Bd5 27. Ng6+ Kh7 28. Ne7 Rb6 29. Nxd5 Rxd5 30. Re6 Bd6 31. Bc3 c5 32. Re4 cxd4 33. Rxd4 Rc5 34. Rd3 Rbc6 35. Bd2 Rc2 36. Bxa5 Rxa2 37. Rdd1 Rb2 38. Rab1 Rcc2 39. Rxb2 Rxb2 40. b4 Bxb4 41. Bxc7 g5 42. Be5 Rc2 43. Bd4 h5 44. Be3 Kg6 45. g3 Bc5 1/2-1/2

[Event "IND-ch U15 47th"]
[Site "New Delhi"]
[Date "2022.12.06"]
[Round "11"]
[White "Swain, Arin Anwesh"]
[Black "Gawai, Siddhant"]
[Result "0-1"]
[WhiteElo "1565"]
[BlackElo "1785"]
[PlyCount "143"]
[EventDate "2022.11.28"]
[EventType "swiss"]
[EventRounds "11"]
[EventCountry "IND"]
[SourceTitle "EXT 2024"]
[Source "ChessBase"]
[SourceDate "2023.10.10"]
[SourceVersion "1"]
[SourceVersionDate "2023.10.10"]
[SourceQuality "1"]

1. d4 Nf6 2. Nf3 e6 3. Bf4 b6 4. e3 Bb7 5. Nbd2 d6 6. Bd3 Nbd7 7. 0-0 Nh5 8. Bg3 Be7 9. c3 Nxg3 10. fxg3 0-0 11. Qc2 g6 12. Rf2 Bf6 13. Raf1 Qe7 14. c4 Bg7 15. b3 c5 16. Kh1 Rae8 17. h3 e5 18. d5 Nf6 19. e4 Nh5 20. Kh2 Bh6 21. Ng1 Bc8 22. Ne2 Ng7 23. g4 Bg5 24. g3 Qd7 25. Ng1 Be3 26. Rf6 Bg5 27. R6f2 h5 28. Be2 hxg4 29. hxg4 Qe7 30. Nh3 Rd8 31. Qd3 Bh6 32. Rf6 Ne8 33. R6f2 Bg7 34. Qe3 Nf6 35. Qg5 Nxg4+ 36. Bxg4 Qxg5 37. Nxg5 Bxg4 38. Nxf7 Rd7 39. Ng5 Re8 40. Rf7 Ree7 41. Rxe7 Rxe7 42. Kg2 Bh6 43. Ndf3 Kg7 44. Rh1 a6 45. a4 Rb7 46. Ra1 Bd7 47. Rd1 Kf6 48. Nh7+ Kg7 49. Nhg5 Bxg5 50. Nxg5 b5 51. Ne6+ Kf6 52. Rf1+ Ke7 53. Nf8 Be8 54. Ne6 bxc4 55. bxc4 Rb2+ 56. Kf3 Bxa4 57. Ra1 Rb4 58. Rh1 Rxc4 59. Rh7+ Kf6 60. g4 Rc3+ 61. Kf2 g5 62. Rh6+ Ke7 63. Nxg5 Bd1 64. Re6+ Kd7 65. Nh7 Kc7 66. g5 Rf3+ 67. Ke1 Bc2 68. Nf6 Bxe4 69. Ke2 Rf4 70. Ne8+ Kb8 71. Rxd6 c4 72. Rf6 0-1

[Event "New Delhi Parsvnath blitz op 18th"]
[Site "New Delhi"]
[Date "2020.01.14"]
[Round "6"]
[White "Gawai, Siddhant"]
[Black "Aaryan, Varshney"]
[Result "0-1"]
[WhiteElo "1733"]
[BlackElo "2287"]
[PlyCount "101"]
[EventDate "2020.01.14"]
[EventType "swiss (blitz)"]
[EventRounds "9"]
[EventCountry "IND"]
[SourceTitle "CBM 194 Extra"]
[Source "ChessBase"]
[SourceDate "2020.03.31"]
[SourceVersion "1"]
[SourceVersionDate "2020.03.31"]
[SourceQuality "1"]

1. e4 c5 2. Nf3 d6 3. d4 cxd4 4. Nxd4 Nf6 5. Nc3 a6 6. Bg5 e6 7. f4 Be7 8. Qf3 Qc7 9. 0-0-0 Nbd7 10. g4 b5 11. Bxf6 Nxf6 12. g5 Nd7 13. f5 0-0 14. g6 hxg6 15. fxe6 fxe6 16. Nxe6 Rf7 17. Qf4 Rxf4 18. Nxc7 Rf3 19. Rg1 Rb8 20. N3d5 Ne5 21. Bg2 Bf8 22. Rde1 Rf7 23. Ref1 Rxf1+ 24. Rxf1 a5 25. h4 Bd7 26. Rf4 Rc8 27. Bf1 b4 28. Bb5 Bxb5 29. Nxb5 Nd3+ 30. Kd2 Nxf4 31. Nxf4 Rc5 32. Nd4 g5 33. Nfe6 gxh4 34. Nxc5 dxc5 35. Nf3 h3 36. Ke2 g5 37. Kf2 g4 38. Nh2 a4 39. Nxg4 Bd6 40. e5 Be7 41. Kg3 Kf7 42. Kxh3 Ke6 43. Kg3 Kf5 44. Kf3 Bg5 45. b3 axb3 46. axb3 Be7 47. Kg3 Ke4 48. Kh3 Kd4 49. e6 Kc3 50. Ne3 Bg5 51. Nd5+ 0-1